000 00654nam a22001937a 4500
999 _c171073
_d171073
005 20200106114929.0
010 _aB-283831
020 _c150.00
_a818182233429
035 _aB-283831
037 _bBPPD
082 _a844
100 _aا فسر کا ظمی
245 _aمقا لا ت منظر
_cا فسر کا ظمی
246 _aMaqalat-e-Manzer (Urdu)
_bby Afsar Kazmi
260 _aDelhi
_c2008 ء
_bEducational Publishing House
270 _bDelhi
_k-
_e110006
_a3108,Gali Azizuddin Wakil,Kucha Pandit ,Lal Kuan,
_l-
_m-
300 _a168 ص
_c22 cm(hb)
942 _2ddc
_cUR
_h844
_mک ا ظ